Statystyki dla Stolice europejskich Państw

Kliknij tutaj aby rozwiązać quiz!

Ogólne statystyki

  • Ten quiz został rozwiązany 55 razy
    (40 od ostatniego zresetowania)
  • Średni wynik to 35 z 43

Statystyki odpowiedzi

PaństwoStolica% Poprawnych
NiemcyBerlin
100%
PortugaliaLizbona
100%
HiszpaniaMadryt
100%
MonakoMonako
100%
FrancjaParyż
100%
WłochyRzym
100%
San MarinoSan Marino
100%
WatykanWatykan
100%
HolandiaAmsterdam
97%
BelgiaBruksela
97%
CzechyPraga
97%
AustriaWiedeń
95%
AndoraAndora
92%
GrecjaAteny
92%
LuksemburgLuksemburg
92%
PolskaWarszawa
92%
SłowacjaBratysłąwa
89%
WęgryBudapeszt
89%
UkrainaKijów
89%
RosjaMoskwa
89%
RumuniaBukareszt
87%
BiałoruśMińsk
84%
ChorwacjaZagrzeb
84%
DaniaKopenhaga
82%
NorwegiaOslo
82%
SzwajcariaBerno
79%
LitwaWilno
79%
FinlandiaHelsinki
76%
ŁotwaRyga
76%
BułgariaSofia
76%
TurcjaAnkara
74%
Bośnia i HercegowinaSarajewo
71%
SłoweniaLublana
68%
EstoniaTallin
68%
SzwecjaSztokholm
66%
LiechtensteinVaduz
66%
MaltaValletta
66%
SerbiaBelgrad
58%
MołdawiaKiszyniów
58%
AlbaniaTirana
58%
CzarnogóraPodgorica
55%
Macedonia PółnocnaSkopje
50%
KosowoPrisztina
47%

Rozkład punktacji

Percentyl według liczby udzielonych odpowiedzi

Procent ludzi z każdym wynikiem

Twoja historia wyników

Nie rozwiązałeś tego quizu od ostatniego zresetowania